[Event "Manaus Expert op"]
[Site "Manaus"]
[Date "2023.09.24"]
[Round "5"]
[White "Parente Neto, Alfran Gomes De A"]
[Black "Pinto, Pedro Jorge de Mora"]
[Result "0-1"]
[WhiteElo "1800"]
[BlackElo "1940"]
[PlyCount "31"]
[EventDate "2023.09.22"]
[EventType "swiss"]
[EventRounds "5"]
[EventCountry "BRA"]
[SourceTitle "EXT 2024"]
[Source "ChessBase"]
[SourceDate "2023.10.10"]
[SourceVersion "1"]
[SourceVersionDate "2023.10.10"]
[SourceQuality "1"]

1. d4 Nf6 2. Nf3 b6 3. c4 Bb7 4. Nc3 d6 5. Qc2 g6 6. e4 Bg7 7. Bd3 Nc6 8. d5 Nb8 9. 0-0 0-0 10. Re1 Nfd7 11. Bd2 c6 12. b4 a5 13. a3 axb4 14. axb4 Nf6 15. Qb3 c5 16. Nb5 0-1